Family Iridoviridae Molecular and Ecological Studies of a Family Infecting Invertebrates and Ectothermic Vertebrates (Record no. 47334)

MARC details
000 -LEADER
fixed length control field 02502nam a2200253Ia 4500
000 - LEADER
fixed length control field 05549naaa 01333uu
001 - CONTROL NUMBER
control field https://directory.doabooks.org/handle/20.500.12854/47395
005 - DATE AND TIME OF LATEST TRANSACTION
control field 20260218105704.0
008 - FIXED-LENGTH DATA ELEMENTS--GENERAL INFORMATION
fixed length control field 211013s9999 xx 000 0 und d
020 ## - INTERNATIONAL STANDARD BOOK NUMBER
International Standard Book Number 9783039215171
024 ## - OTHER STANDARD IDENTIFIER
Standard number or code 10.3390/books978-3-03921-517-1
042 ## - AUTHENTICATION CODE
Authentication code dc
245 #0 - TITLE STATEMENT
Title Family Iridoviridae Molecular and Ecological Studies of a Family Infecting Invertebrates and Ectothermic Vertebrates
260 ## - PUBLICATION, DISTRIBUTION, ETC.
Name of publisher, distributor, etc. MDPI - Multidisciplinary Digital Publishing Institute
Date of publication, distribution, etc. 2019
300 ## - PHYSICAL DESCRIPTION
Extent 1 electronic resource (234 p.)
520 ## - SUMMARY, ETC.
Summary, etc. Ranaviruses and other viruses within the family Iridoviridae, infect a wide range of ecologically and commercially important ectothermic vertebrates, i.e., bony fish, amphibians, and reptiles, and invertebrates, including agricultural and medical pests and cultured shrimp and crayfish, and are responsible for considerable morbidity and mortality. Understanding the impact of these various agents on diverse host species requires the combined efforts of ecologists, veterinarians, pathologists, comparative immunologists and molecular virologists. Unfortunately, investigators involved in these studies often work in discipline-specific silos that preclude interaction with others whose insights and approaches are required to comprehensively address problems related to ranavirus/iridovirus disease. Our intent here is to breakdown these silos and provide a forum where diverse researchers with a common interest in ranavirus/iridovirus biology can profitably interact. As a colleague once quipped, Three people make a genius. We are hoping to do something along those lines by presenting a collection of research articles dealing with issues of anti-viral immunity, identification of a potentially novel viral genus exemplified by erythrocytic necrosis virus, viral inhibition of innate immunity, identification of novel hosts for lymphocystivirus and invertebrate iridoviruses, and modelling studies of ranavirus transmission. Collectively these and others will exemplify the breadth of ongoing studies focused on this virus family.
540 ## - TERMS GOVERNING USE AND REPRODUCTION NOTE
Terms governing use and reproduction Creative Commons
653 ## - INDEX TERM--UNCONTROLLED
Uncontrolled term risk assessment
700 1# - ADDED ENTRY--PERSONAL NAME
Personal name Chinchar, Gregory
700 1# - ADDED ENTRY--PERSONAL NAME
Personal name Duffus, Amanda
856 ## - ELECTRONIC LOCATION AND ACCESS
Uniform Resource Identifier <a href="https://docs.google.com/spreadsheets/d/1yKIrdCPDAG_9c22mwoOIO2DOhtj65Wqa/edit?usp=sharing&ouid=106555315294820607512&rtpof=true&sd=true ">https://docs.google.com/spreadsheets/d/1yKIrdCPDAG_9c22mwoOIO2DOhtj65Wqa/edit?usp=sharing&ouid=106555315294820607512&rtpof=true&sd=true </a>
Link text List of Curated E-Books
942 ## - ADDED ENTRY ELEMENTS (KOHA)
Koha item type E-Book
Holdings
Withdrawn status Source of classification or shelving scheme Damaged status Not for loan Home library Current library Date acquired Total Checkouts Date last seen Price effective from Koha item type
  Library of Congress Classification   Not For Loan Directory of Open Access Books Directory of Open Access Books 12/22/2021   12/22/2021 12/22/2021 E-Book

University of Rizal System
Email us at univlibservices@urs.edu.ph

Visit our Website www.urs.edu.ph/library